00592 2200193 4500001002100000005001500021035002000036008004100056245005700097100002500154260003700179300002400216084002000240082001000260650007000270020001800340990002000358990002000378INLIS00000000000302120241214112754 a0010-1224000553241214 0 ind 1 aPengendalian Penyakit Tanaman /cToekidjo Martoredjo aMartoredjo, Toekidjo aYogyakarta :bAndi Offset,c1992 a57 hlm. ;c16x23 cm a632.3 MAR P C.1 a632.3 4aPenyakit pada Tanaman Pertanian, Penyakit pada Tumbuhan Pertanian a979-533-093-4 a090811200005457 a090811200005458